|
|
|
|
| LEADER |
01906nam a2200469 a 4500 |
| 001 |
nkc20122371969 |
| 003 |
CZ PrNK |
| 005 |
20120725084600.0 |
| 007 |
ta |
| 008 |
120612s2011 xr e f 000 0 cze |
| 015 |
|
|
|a cnb002371969
|
| 020 |
|
|
|a 978-80-87592-04-5
|q (kroužková vazba)
|
| 035 |
|
|
|a (OCoLC)798996464
|
| 040 |
|
|
|a ABA001
|b cze
|d BOA001
|
| 072 |
|
7 |
|a 636
|x Chov zvířat. Živočišná výroba
|2 Konspekt
|9 24
|
| 080 |
|
|
|a 636.2.034
|2 MRF
|
| 080 |
|
|
|a 636.084.4
|2 MRF
|
| 080 |
|
|
|a 612.398.192
|2 MRF
|
| 080 |
|
|
|a (072)
|2 MRF
|
| 245 |
0 |
0 |
|a Hodnocení potřeby aminokyselin u dojnic dle systému NRC 2001 :
|b metodická příručka /
|c Michal Richter ... [et al.]
|
| 260 |
|
|
|a Rapotín :
|b Agrovýzkum Rapotín,
|c 2011
|
| 300 |
|
|
|a 36 s. ;
|c 21 cm
|
| 500 |
|
|
|a Název z obálky
|
| 500 |
|
|
|a Pod názvem: Agrovýzkum Rapotín, Výzkumný ústav pro chov skotu
|
| 500 |
|
|
|a 1000 výt.
|
| 504 |
|
|
|a Obsahuje bibliografie
|
| 521 |
8 |
|
|a Určeno pracovníkům poradenských firem zabývajících se výživou skotu, výrobcům krmných doplňků, studentům, učitelům na středních a vysokých školách zemědělského zaměření a pracovníkům praxe
|
| 650 |
0 |
7 |
|a mléčný skot
|7 ph115335
|2 czenas
|
| 650 |
0 |
7 |
|a výživa hospodářských zvířat
|7 ph135111
|2 czenas
|
| 650 |
0 |
7 |
|a aminokyseliny
|7 ph117172
|2 czenas
|
| 650 |
0 |
9 |
|a dairy cattle
|2 eczenas
|
| 650 |
0 |
9 |
|a livestock nutrition
|2 eczenas
|
| 650 |
0 |
9 |
|a amino acids
|2 eczenas
|
| 655 |
|
7 |
|a metodické příručky
|7 fd132826
|2 czenas
|
| 655 |
|
9 |
|a methodological manuals
|2 eczenas
|
| 700 |
1 |
|
|a Richter, Michal
|7 ola2010592244
|4 aut
|
| 710 |
2 |
|
|a Výzkumný ústav pro chov skotu.
|b Agrovýzkum Rapotín
|7 pna2008465241
|
| 910 |
2 |
|
|a BOA001
|b 2-1287.638
|
| 990 |
|
|
|a BK
|
| 995 |
|
|
|a 01
|
| 991 |
|
|
|b 201207
|c NOV
|e n
|
| 996 |
6 |
|
|b 2610514087
|c 2-1287.638
|l MZK
|r Sklad / do 1 hodiny
|n 2
|p p.v.
|w 001256778
|u 000010
|a 1
|e BOA001
|j MZK50
|s P
|